000
00335nam a2200145Ia 4500
008
150201s2006 xx 000 0 und d
082
_a
615
_b
S06P
100
_a
PO,A L W
245
_a
STATISTICS FOR PHARMACISTS
250
_a
1ST
260
_b
BLACWELL
_a
AUSTRALIA
_c
2006
300
_a
1-252
650
_a
PHARMACOLOGY
942
_2
ddc
_c
BK
999
_c
425
_d
425